000
00305nam a2200109Ia 4500
005
20251222144901.0
008
251222s9999||||xx |||||||||||||| ||spa||
082
_a
378.155.346/U61
245
0
_a
TÃtulos Propios de Postgrado y Especialización: 2000-2001
264
_b
Universidad de Alicante
942
_c
LIB
999
_c
21991
_d
21991